Policy circulars on co-operative agricultural supplies & storage. (Record no. 86037)

MARC details
000 -LEADER
fixed length control field 00693cam a2200229 4500
001 - CONTROL NUMBER
control field sa 68014767
003 - CONTROL NUMBER IDENTIFIER
control field DLC
005 - DATE AND TIME OF LATEST TRANSACTION
control field 20260227112635.0
008 - FIXED-LENGTH DATA ELEMENTS--GENERAL INFORMATION
fixed length control field 700216s1966 ii 000 0 eng
010 ## - LIBRARY OF CONGRESS CONTROL NUMBER
LC control number sa 68014767 //r92
025 ## - OVERSEAS ACQUISITION NUMBER
Overseas acquisition number PL480:I-E-10051
040 ## - CATALOGING SOURCE
Original cataloging agency DLC
Transcribing agency DLC
Modifying agency DLC
050 00 - LIBRARY OF CONGRESS CALL NUMBER
Classification number HD1491.I39
Item number N282
082 00 - DEWEY DECIMAL CLASSIFICATION NUMBER
Classification number 334/.683/0954
110 2# - MAIN ENTRY--CORPORATE NAME
Corporate name or jurisdiction name as entry element National Cooperative Development Corporation (India)
245 10 - TITLE STATEMENT
Title Policy circulars on co-operative agricultural supplies & storage.
260 1# - PUBLICATION, DISTRIBUTION, ETC.
Place of publication, distribution, etc. New Delhi
Date of publication, distribution, etc. [1966]
300 ## - PHYSICAL DESCRIPTION
Extent vi, 163 p.
Dimensions 22 cm.
650 #0 - SUBJECT ADDED ENTRY--TOPICAL TERM
Topical term or geographic name entry element Agriculture, Cooperative
Geographic subdivision India.
650 #0 - SUBJECT ADDED ENTRY--TOPICAL TERM
Topical term or geographic name entry element Farm supply industries
Geographic subdivision India.
650 #0 - SUBJECT ADDED ENTRY--TOPICAL TERM
Topical term or geographic name entry element Farm produce
General subdivision Storage.

No items available.

Powered by Koha